[Event "Cheliabinsk December Evenings"]
[Site "Cheliabinsk"]
[Date "2018.12.16"]
[Round "9"]
[White "Bogdanov, Nikita"]
[Black "Harutjunyan, Gevorg"]
[Result "0-1"]
[WhiteElo "2271"]
[BlackElo "2487"]
[PlyCount "64"]
[EventDate "2018.12.08"]
[EventType "tourn"]
[EventRounds "9"]
[EventCountry "RUS"]
[EventCategory "3"]
[SourceTitle "CBM 187 Extra"]
[Source "ChessBase"]
[SourceDate "2018.11.04"]
[SourceVersion "1"]
[SourceVersionDate "2018.11.04"]
[SourceQuality "1"]

1. e4 c6 2. d4 d5 3. exd5 cxd5 4. Bd3 Nc6 5. c3 g6 6. Nf3 Bg7 7. Bf4 Bf5 8. 0-0 Nf6 9. Bxf5 gxf5 10. Ne5 0-0 11. Nd2 Rc8 12. Re1 e6 13. Nxc6 Rxc6 14. Re3 Kh8 15. Rh3 Ng4 16. Nf1 Qb6 17. Qe2 Qa6 18. Qf3 Qb5 19. Rb1 Qa4 20. Qg3 Qxa2 21. Qh4 h6 22. Re1 Qxb2 23. f3 e5 24. dxe5 Qb6+ 25. Ne3 Nxe5 26. Bxe5 Bxe5 27. Kh1 Bxc3 28. Nxd5 Bxe1 29. Qe7 Qd8 30. Qe5+ Kh7 31. Qxf5+ Rg6 32. Nf4 Qd1 0-1

[Event "Cheliabinsk December Evenings"]
[Site "Cheliabinsk"]
[Date "2018.12.10"]
[Round "3"]
[White "Radzhabov, Rodion"]
[Black "Bogdanov, Nikita"]
[Result "1/2-1/2"]
[WhiteElo "2332"]
[BlackElo "2271"]
[PlyCount "76"]
[EventDate "2018.12.08"]
[EventType "tourn"]
[EventRounds "9"]
[EventCountry "RUS"]
[EventCategory "3"]
[SourceTitle "CBM 187 Extra"]
[Source "ChessBase"]
[SourceDate "2018.11.04"]
[SourceVersion "1"]
[SourceVersionDate "2018.11.04"]
[SourceQuality "1"]

1. Nf3 d5 2. g3 Nf6 3. Bg2 h6 4. 0-0 Bf5 5. d3 e6 6. Nbd2 Bc5 7. c4 c6 8. b3 Nbd7 9. Bb2 0-0 10. d4 Bd6 11. Ne5 Bxe5 12. dxe5 Ng4 13. e4 dxe4 14. Nxe4 Ngxe5 15. Ba3 Bxe4 16. Bxe4 Re8 17. f4 Nf6 18. fxe5 Nxe4 19. Qc2 Qd4+ 20. Kh1 Rad8 21. Rae1 Ng5 22. Bd6 f5 23. Rf4 Ne4 24. Rexe4 fxe4 25. Rxe4 Qb6 26. c5 Qa6 27. Rf4 b5 28. Qg6 Qb7 29. g4 Qd7 30. g5 hxg5 31. Qxg5 Rf8 32. Rxf8+ Rxf8 33. Bxf8 Qd5+ 34. Kg1 Kxf8 35. Qe3 Qd1+ 36. Kf2 Qc2+ 37. Kg3 Qg6+ 38. Kf2 Qc2+ 1/2-1/2

[Event "Nezhmetdinov Memorial 40th"]
[Site "Kazan"]
[Date "2018.09.19"]
[Round "7"]
[White "Kabanov, Nikolai"]
[Black "Bogdanov, Nikita"]
[Result "1-0"]
[WhiteElo "2484"]
[BlackElo "2244"]
[PlyCount "99"]
[EventDate "2018.09.13"]
[EventType "swiss"]
[EventRounds "9"]
[EventCountry "RUS"]
[SourceTitle "CBM 186 Extra"]
[Source "ChessBase"]
[SourceDate "2018.08.24"]
[SourceVersion "1"]
[SourceVersionDate "2018.08.24"]
[SourceQuality "1"]

1. e4 c6 2. d4 d5 3. exd5 cxd5 4. c3 Nc6 5. Bf4 Nf6 6. Nf3 g6 7. h3 Bg7 8. Be2 0-0 9. 0-0 Re8 10. Nbd2 Nh5 11. Bh2 Bh6 12. Bb5 Qb6 13. Qb3 Rd8 14. Rfe1 Na5 15. Qb4 Bf8 16. Ba4 Bd7 17. Qxb6 axb6 18. Bd1 Rac8 19. Ne5 Ng7 20. Nxd7 Rxd7 21. Ba4 Rdd8 22. Re2 e6 23. Bf4 Be7 24. Nf3 Nc4 25. Ne5 Nd6 26. a3 Nc4 27. Nxc4 Rxc4 28. Bb5 Rcc8 29. Rae1 Nh5 30. Bc1 Bd6 31. g3 Rc7 32. Kg2 Ng7 33. g4 Be7 34. Bf4 Bd6 35. Bh6 Bf8 36. Bd3 Ne8 37. Bf4 Bd6 38. Bc1 Kg7 39. f4 Rcd7 40. f5 Nc7 41. h4 Re8 42. h5 Rdd8 43. fxg6 fxg6 44. Rh1 Rh8 45. Rf2 Rhf8 46. Rxf8 Bxf8 47. hxg6 hxg6 48. Rh6 Kf7 49. Bxg6+ Kf6 50. g5+ 1-0

[Event "Nezhmetdinov Memorial 40th"]
[Site "Kazan"]
[Date "2018.09.16"]
[Round "4"]
[White "Bogdanov, Nikita"]
[Black "Gabrielian, Artur"]
[Result "0-1"]
[WhiteElo "2244"]
[BlackElo "2503"]
[PlyCount "120"]
[EventDate "2018.09.13"]
[EventType "swiss"]
[EventRounds "9"]
[EventCountry "RUS"]
[SourceTitle "CBM 186 Extra"]
[Source "ChessBase"]
[SourceDate "2018.08.24"]
[SourceVersion "1"]
[SourceVersionDate "2018.08.24"]
[SourceQuality "1"]

1. e4 c5 2. c3 Nf6 3. e5 Nd5 4. d4 cxd4 5. Nf3 e6 6. cxd4 b6 7. Nc3 Nxc3 8. bxc3 Qc7 9. Bd2 d6 10. Bd3 Nd7 11. Ng5 Bb7 12. 0-0 dxe5 13. Re1 Be7 14. dxe5 h6 15. Qh5 Bxg5 16. Bxg5 Nc5 17. Bc2 Qc6 18. f3 Nd7 19. Rad1 Qxc3 20. Re2 Nc5 21. f4 Qc4 22. f5 exf5 23. e6 Nxe6 24. Rxe6+ Qxe6 25. Bb3 g6 26. Qh4 hxg5 27. Qxh8+ Ke7 28. Qd4 Qf6 29. Qd7+ Kf8 30. Qxb7 Re8 31. Qd7 Re7 32. Qd4 Kg7 33. Qxf6+ Kxf6 34. Kf2 g4 35. g3 Rc7 36. Rd5 Kg5 37. Rd6 Re7 38. Rd4 Kf6 39. Ba4 Ke6 40. Ke2 Kf6+ 41. Kd2 Ke6 42. Kd3 Rc7 43. Bb3+ Kf6 44. Ba4 Ke6 45. Rc4 Re7 46. Kd4 Kf6 47. Rc6+ Kg5 48. Bb3 f6 49. Re6 Rh7 50. Re2 f4 51. gxf4+ Kxf4 52. Rf2+ Kg5 53. Kd3 f5 54. Re2 Kh4 55. Rg2 Re7 56. Bd5 g5 57. Re2 Rxe2 58. Kxe2 Kh3 59. Kf2 Kxh2 60. Bc6 f4 0-1

[Event "Nezhmetdinov Memorial 40th"]
[Site "Kazan"]
[Date "2018.09.14"]
[Round "2"]
[White "Bogdanov, Nikita"]
[Black "Khanin, Semen"]
[Result "0-1"]
[WhiteElo "2244"]
[BlackElo "2507"]
[PlyCount "74"]
[EventDate "2018.09.13"]
[EventType "swiss"]
[EventRounds "9"]
[EventCountry "RUS"]
[SourceTitle "CBM 186 Extra"]
[Source "ChessBase"]
[SourceDate "2018.08.24"]
[SourceVersion "1"]
[SourceVersionDate "2018.08.24"]
[SourceQuality "1"]

1. e4 e5 2. Nf3 Nc6 3. Bb5 a6 4. Ba4 b5 5. Bb3 g6 6. c3 Bg7 7. 0-0 Nge7 8. d4 exd4 9. cxd4 0-0 10. Be3 Na5 11. Nc3 d6 12. Qd2 Nxb3 13. axb3 f5 14. e5 Bb7 15. Ng5 dxe5 16. Ne6 Qd6 17. Nxf8 f4 18. dxe5 Qc6 19. f3 fxe3 20. Qxe3 Rxf8 21. Rfe1 Nf5 22. Qd3 Qc5+ 23. Kh1 Bxe5 24. Ne4 Qd4 25. Qxd4 Bxd4 26. Rac1 Ne3 27. Nc5 Bc8 28. Re2 a5 29. Rd2 Nf5 30. Re2 Be3 31. Rc3 Bd4 32. Rc1 Rd8 33. Ne4 Bb6 34. Nf6+ Kf7 35. Nxh7 Ng3+ 36. hxg3 Rh8 37. Re4 g5 0-1

[Event "Cheliabinsk Kibizov Memorial 8th"]
[Site "Cheliabinsk"]
[Date "2013.06.27"]
[Round "6"]
[White "Terentiev, Alexey"]
[Black "Bogdanov, Nikita"]
[Result "0-1"]
[WhiteElo "1699"]
[BlackElo "1844"]
[PlyCount "96"]
[EventDate "2013.06.22"]
[EventType "swiss"]
[EventRounds "9"]
[EventCountry "RUS"]
[SourceTitle "EXT 2014"]
[Source "ChessBase"]
[SourceDate "2013.11.20"]
[SourceVersion "1"]
[SourceVersionDate "2013.11.20"]
[SourceQuality "1"]

1. e4 c6 2. Nc3 d5 3. Nf3 dxe4 4. Nxe4 Nd7 5. Qe2 e6 6. g3 Ngf6 7. Nxf6+ Nxf6 8. Bg2 Bd6 9. d4 0-0 10. 0-0 Re8 11. Ne5 Qc7 12. c4 c5 13. Nf3 Bd7 14. Be3 cxd4 15. Nxd4 a6 16. Rac1 e5 17. Nb3 Bc6 18. Bxc6 Qxc6 19. c5 Bf8 20. Rfd1 Rac8 21. Na5 Qc7 22. b4 Red8 23. a3 Nd5 24. Bg5 f6 25. Qc4 Qf7 26. Be3 b6 27. Nb3 Nxe3 28. Qxf7+ Kxf7 29. Rxd8 Rxd8 30. fxe3 bxc5 31. Nxc5 Rc8 32. Nd3 Rxc1+ 33. Nxc1 Ke6 34. e4 Kd6 35. Ne2 Kc6 36. Nc3 a5 37. bxa5 Bxa3 38. Kg2 Bb4 39. Nd5 Bxa5 40. Kf3 Kc5 41. g4 Kd4 42. h4 Bd8 43. h5 g6 44. Ne3 Ba5 45. Nd5 f5 46. gxf5 gxf5 47. Nf6 fxe4+ 48. Ke2 Bd8 0-1